Effective managerial leadership

This book presents a functional communication model, used in each chapter to illustrate basic theories, skills and applications related to communications in an organizational setting from a manager's point of view.

Kaydedildi:
Detaylı Bibliyografya
Yazar: Cribbin, James J.
Materyal Türü: Kitap
Dil:Undetermined
Baskı/Yayın Bilgisi: U.S.A American Management Association 1972
Konular:
Etiketler: Etiketle
Etiket eklenmemiş, İlk siz ekleyin!
Thư viện lưu trữ: Trung tâm Học liệu Trường Đại học Cần Thơ
LEADER 00746nam a2200193Ia 4500
001 CTU_43488
008 210402s9999 xx 000 0 und d
082 |a 658.4092 
082 |b C928 
100 |a Cribbin, James J. 
245 0 |a Effective managerial leadership 
245 0 |c James J. Cribbin 
260 |a U.S.A 
260 |b American Management Association 
260 |c 1972 
520 |a This book presents a functional communication model, used in each chapter to illustrate basic theories, skills and applications related to communications in an organizational setting from a manager's point of view. 
650 |a Executives,Organizational behavior 
904 |i Minh, Hải 
980 |a Trung tâm Học liệu Trường Đại học Cần Thơ